| 000 | 00546nam a2200157 i 4500 | ||
|---|---|---|---|
| 001 | 50202 | ||
| 003 | ES-MaACL | ||
| 005 | 20230906162135.0 | ||
| 007 | t| | ||
| 008 | 030801s1962 sp ||||1| spa d | ||
| 100 | 1 |
_aCruz, Cruz de la. _941788 |
|
| 245 | 1 | 0 |
_aHuellas preciosas _b: desfile de narraciones a modo de leyendas, que despiertan la fé cristiana / _ccon ese solo fin las recogió en su pluma Cruz de la Cruz. |
| 260 |
_aMadrid : _bApostolado de la Prensa, _c1962. |
||
| 300 |
_a180 p. ; _c16 cm. |
||
| 852 |
_aES-MaACL _jC-22102 _bR.50614 |
||
| 999 |
_c50202 _d50202 |
||